Editorial (notice n° 1631232)

détails MARC
000 -LEADER
fixed length control field 01940cam a2200181 4500500
005 - DATE AND TIME OF LATEST TRANSACTION
control field 20260111104949.0
041 ## - LANGUAGE CODE
Language code of text/sound track or separate title fre
042 ## - AUTHENTICATION CODE
Authentication code dc
100 10 - MAIN ENTRY--PERSONAL NAME
Personal name Mireur, Yannick
Relator term author
245 00 - TITLE STATEMENT
Title Editorial
260 ## - PUBLICATION, DISTRIBUTION, ETC.
Date of publication, distribution, etc. 2005.<br/>
500 ## - GENERAL NOTE
General note 46
520 ## - SUMMARY, ETC.
Summary, etc. Cet article se penche sur les parcours citadins des Shégués, les enfants dits « de la rue » de Kinshasa. « Prendre la rue », c’est s’immerger avec ses pairs au cœur de formes de sociabilités urbaines qui combinent l’apprentissage collectif de comportements spécifiques (techniques de vol, consommation de drogue, usage de la violence) et l’affirmation de soi. Entre la valorisation de qualités liées à leur mode d’existence « différent », l’aspiration à la reconnaissance sociale et les rêves de réussite personnelle, les Shégués se construisent au cœur d’une société dans laquelle ils ne cessent de s’employer à « devenir quelqu’un » et à simplement « exister ».
520 ## - SUMMARY, ETC.
Summary, etc. “Taking the Street” : Urban Trajectories of Kinshasa’s ShéguésThis article looks at urban trajectories of the Shégués, the so called “street children” of Kinshasa. “Taking the street” means for these children combining their wish to enhance their self-assertion with different ways of socializing with their peers through a collective learning of specific behaviors (such as theft technics, use of drugs and violence). Between the promotion of values linked to this “different” lifestyle, the yearning to social recognition and the dreams of individual success, the Shégués build themselves within a society in which they continuously try to “becoming someone” and to simply “exist”.
700 10 - ADDED ENTRY--PERSONAL NAME
Personal name Pasco, Xavier
Relator term author
786 0# - DATA SOURCE ENTRY
Note Politique américaine | 2 | 2 | 2005-06-01 | p. 8-10 | 1771-8848
856 41 - ELECTRONIC LOCATION AND ACCESS
Uniform Resource Identifier <a href="https://shs.cairn.info/revue-politique-americaine-2005-2-page-8?lang=fr&redirect-ssocas=7080">https://shs.cairn.info/revue-politique-americaine-2005-2-page-8?lang=fr&redirect-ssocas=7080</a>

Pas d'exemplaire disponible.

PLUDOC

PLUDOC est la plateforme unique et centralisée de gestion des bibliothèques physiques et numériques de Guinée administré par le CEDUST. Elle est la plus grande base de données de ressources documentaires pour les Étudiants, Enseignants chercheurs et Chercheurs de Guinée.

Adresse

627 919 101/664 919 101

25 boulevard du commerce
Kaloum, Conakry, Guinée

Réseaux sociaux

Powered by Netsen Group @ 2025